| 000 | 01101nam a2200241 i 4500 | ||
|---|---|---|---|
| 001 | bg | ||
| 100 | 1 | _aUBYSZ, Andrzej | |
| 245 | 1 | 0 |
_aOdkształcenia plastyczne i samonaprężenia w żelbetowych konstrukcjach prętowych / _cAndrzej Ubysz. |
| 260 |
_aWrocław : _bOficyna Wydawnicza PW, _c1999. |
||
| 300 |
_a186, [2] s. : _bil. ; _c24 cm. |
||
| 490 | 1 |
_aPrace Naukowe Instytutu Budownictwa Politechniki Wrocławskiej. Monografie = _aScientific Papers of the Institute of Building Engineering of the Wrocław University of Technology. Monographs, _x0324-9875 ; _v32 |
|
| 500 | _aTyt. równol.: Plastic strains and self-stresses in reinforced-concrete bar constructions. - Nr serii gł.: 73. - Streszcz. ang. | ||
| 504 | _aBibliogr. | ||
| 650 | 9 |
_aKonstrukcje żelbetowe _xmechanika |
|
| 650 | 9 | _aNaprężenia i odkształcenia | |
| 650 | 9 |
_aPręty _xkonstrukcje _xmechanika |
|
| 830 | 0 |
_aPrace Naukowe Instytutu Budownictwa Politechniki Wrocławskiej. _pMonografie |
|
| 040 | _cBPK | ||
| 041 | 0 |
_apl _ben |
|
| 080 | _a624.012.45:539.3 | ||
| 942 | _cKS | ||
| 008 | s pl f |000 0 pol | ||
| 999 |
_c38883 _d38883 |
||
| 856 |
_uhttp://koha.tu.koszalin.pl/cgi-bin/koha/opac-detail.pl?biblionumber=38883 _yKatalog online BPK |
||